Normal view MARC view
  • Dürer, Albrecht,

Entry Nombre Personal

Number of records used in: 4

001 - NUMERO DE CONTROL

  • campo de control: 43570

003 - IDENTIFICADOR DE NUMERO DE CONTROL

  • campo de control: UPN

005 - FECHA Y HORA DE LA ÜLTIMA TRANSACCIÓN

  • campo de control: 20220303094151.0

008 - DATOS DE LONGITUD FIJA

  • campo de control de longitud fija: 220120|g aca||aabn | aaa d

040 ## - FUENTE DE CATALOGACIÓN

  • Agencia original de catalogación: UPN

053 #4 - NÚMERO DE CLASIFICACIÓN LC

  • Número de clasificación elemento-número único o número inicial de tramo: ND588 D9

100 1# - ENCABEZAMIENTO - NOMBRE PERSONAL

  • Nombre personal: Dürer, Albrecht,
  • Fechas asociadas con el nombre: 1471-1528

400 1# - VEÁSE - NOMBRE DE PERSONA

  • Personal name: Durero, Alberto,
  • Dates associated with a name: 1471-1528

670 ## - FUENTE EN LA QUE SE LOCALIZARON DATOS

  • Cita de la fuente: LC

680 ## - NOTA PUBLICA DE ACCESO PÚBLICO

  • Frase explicativa de la referencia: Pintor y grabador alemán

902 ## - CATALOGADOR

  • Catalogador: CAA/200122